Introduction to supply chain management (Record no. 220086)

MARC details
000 -LEADER
fixed length control field 00582nam a2200193Ia 4500
008 - FIXED-LENGTH DATA ELEMENTS--GENERAL INFORMATION
fixed length control field 191130s2009##################000#0#eng##
020 ## - INTERNATIONAL STANDARD BOOK NUMBER
ISBN 9788120327535
082 ## - DEWEY DECIMAL CLASSIFICATION NUMBER
Classification number 658.7 HAN
100 ## - MAIN ENTRY--AUTHOR NAME
Personal name handfield, Robert b
245 ## - TITLE STATEMENT
Title Introduction to supply chain management
Statement of responsibility, etc Robert b. handfield, ernest L. nichols, jr
260 ## - PUBLICATION, DISTRIBUTION, ETC. (IMPRINT)
Place of publication New Delhi
Name of publisher PHI Learning Private Limited
Year of publication 2009
300 ## - PHYSICAL DESCRIPTION
Number of Pages vii, 183p. :ill. ; 23cm
500 ## - GENERAL NOTE
General note Includes index
650 ## - SUBJECT ADDED ENTRY--TOPICAL TERM
Topical Term Management
991 ## -
-- 111720
Holdings
Withdrawn status Lost status Damaged status Not for loan Home library Current library Shelving location Date acquired Full call number Accession Number Price effective from Koha item type
        Anna Centenary Library Anna Centenary Library 6TH FLOOR, B WING 13.10.2020 658.7 HAN 325941 13.10.2020 English Books

Find us on the map